| 000 | 00883cam a2200253 4500 | ||
|---|---|---|---|
| 001 | J1148 | ||
| 008 | 090401t1992 xxu||||| |||| 00| 0 eng d | ||
| 035 | _a(Sirsi) u42038 | ||
| 041 | _aeng | ||
| 050 |
_a711.14 _c18 |
||
| 100 | _aSquire, Robin | ||
| 245 | _aDisposal of surplus government land: obligation to offer land back to former owners or their successors - the Crichel Down Rules: statement by Minister for Housing and Planning on 30 October 1992. | ||
| 260 | _c1992 | ||
| 300 |
_a[2] leaves _c30cm. |
||
| 350 | _a0 | ||
| 650 |
_aCompulsory purchase _96228 |
||
| 650 | _aCRICHEL DOWN RULES | ||
| 650 | _aGOVERNMENT LAND | ||
| 650 | _aSURPLUS LAND | ||
| 690 | _aENVIRONMENTAL AND LAND CONSULTANCY-PLANNING AND DEVELOPMENT-COMPULSORY PURCHASE AND COMPENSATION | ||
| 710 |
_aUnited Kingdom _bDepartment of the Environment _9982 |
||
| 942 | _n0 | ||
| 948 | _c04/03/1997 | ||
| 999 |
_c91016 _d91016 |
||